Finis le titre de la chanson #27 - Statistiques

Statistiques générales
  • Ce quiz a été pris 171 fois
  • Le résultat moyen est 13 sur 30
Statistiques - réponses
Artistes Chanson Réponse % Correct
Jacques Brel "Ne me quitte..." Pas
96%
Laurie Darmon "Laisse-moi t'..." Aimer
92%
Mika "Elle me..." Dit
92%
Dalida "Monday Tuesday... Laissez-moi..." Danser
85%
Bigflo & Oli "Bienvenue chez..." Moi
85%
Véronique Sanson "Chanson sur ma drôle de..." Vie
85%
Jok'air "Las..." Vegas
76%
Katy Perry "Last Friday..." Night
74%
Vanessa Paradis "Divine..." Idylle
62%
Doja Cat "Paint The Town..." Red
50%
Gwen Stefani "What You Waiting..." For?
48%
Capital Cities "Safe and..." Sound
46%
Orelsan, Ibeyi "Notes pour trop..." Tard
46%
Jung Kook "Standing Next to..." You
40%
Coldplay "Fix..." You
38%
Taylor Swift "Cruel..." Summer
37%
Louise Attaque "Les nuits..." Parisiennes
34%
The Pussycat Dolls "I Don't Need A..." Man
33%
Pitbull, Ne-Yo "Time of Our..." Lives
29%
Julien Doré, Micky Green "Chou..." Wasabi
26%
Salvatore Adamo "Tombe La..." Neige
24%
Rage Against The Machine "Killing In The..." Name
17%
Jul "J'fais plaisir à la..." Zone
17%
Amy Winehouse "Tears Dry On Their..." Own
11%
J. Cole "MIDDLE..." CHILD
8%
Troye Sivan "One Of Your..." Girls
8%
Beyoncé "PURE/..." HONEY
8%
Angèle "Plus de..." Sens
6%
Jungle "Back On..." 74
5%
Charli XCX "Speed..." Drive
4%
Aucun quiz correspondant
Distribution des résultats
% des personnes avec chaque résultat
Percentile par nombre de réponses
Votre historique - résultats
Vous n’avez pas pris ce quiz